000 00521nam a2200193Ia 4500
008 240729s9999 xx 000 0 und d
022 _a2682-4043
245 0 _aHighlights in BioScience
260 _aEgypt
260 _bInternational Library of Sciences
650 _a Biochemistry
650 _a Biology (General) | Science
650 _a Chemistry
650 _a Organic chemistry
650 _aScience
856 _uhttps://doaj.org/toc/2ce4f1eb065f455c8eb52d73bd7f4248
942 _2ddc
942 _cDOAJEJ
999 _c73265
_d73265
945 _a1
_bMadushi Gamage
_c1
_dMadushi Gamage